[Event "Saint John op-1"]
[Site "Saint John"]
[Date "1988.??.??"]
[Round "?"]
[White "Christiansen, Larry Mark"]
[Black "Levitt, Jonathan"]
[Result "0-1"]
[WhiteElo "2575"]
[BlackElo "2440"]

1.d4 Nf6 2.c4 e6 3.Nc3 Bb4 4.e3 b6 5.Ne2 Ba6 6.a3 Bxc3+ 7.Nxc3 d5 8.b3 O-O
9.Be2 dxc4 10.bxc4 Nc6 11.a4 e5 12.d5 Na5 13.Ba3 Re8 14.Nb5 Qd7 15.O-O c6
16.dxc6 Qxc6 17.Rc1 Nb7 18.Qc2 Nd7 19.Rfd1 Ndc5 20.Rd5 Bxb5 21.axb5 Qc7 22.Rcd1 a6
23.bxa6 Rxa6 24.Bb2 Raa8 25.Qf5 f6 26.Rd7 Qc8 27.Qg4 Nxd7 28.Rxd7 g6 29.Qh3 h5
30.Bf3 Nc5 31.Bd5+ Kh8 32.Rd6 Qxh3 33.gxh3 Ra2 34.Rxb6 Na4 35.Ra6 Rc8 36.h4 Kg7
37.Kg2 Rb8 38.Ra7+ Kh6 39.Bc1 Rb1 40.c5 Raa1 41.Bg8 g5 42.hxg5+ fxg5 43.Bd2 Rg1+
44.Kh3 Nxc5 45.Rh7+ Kg6 46.Rc7 Ra4 47.f4 Ne4 48.Bh7+ Kf6 49.Rc6+ Kg7 50.Rc7+ Kh6
51.Bxe4 Rxe4 52.fxg5+ Rxg5 53.Rc3 Rg1 54.Rc8 Kh7 55.Rf8 Kg7 56.Rf3 Kg6 57.Ba5 Rb1
58.Bd8 Rb3 59.Rg3+ Kf5 60.Rf3+ Ke6 61.Bg5 Rg4 62.Rf6+ Kd5 63.Bh6 Ke4 64.Ra6 Rb2
65.Rc6 Kf5  0-1

[Event "Thessaloniki ol (Men)"]
[Site "Thessaloniki"]
[Date "1988.??.??"]
[Round "10"]
[White "Mascarinas, Rico"]
[Black "Christiansen, Larry Mark"]
[Result "1/2-1/2"]
[WhiteElo "2455"]
[BlackElo "2550"]

1.d4 Nf6 2.c4 e6 3.Nc3 Bb4 4.e3 O-O 5.Bd3 d5 6.Ne2 dxc4 7.Bxc4 e5 8.a3 Bd6
9.Nb5 Nc6 10.Nxd6 Qxd6 11.O-O Rd8 12.h3 Be6 13.Bb5 exd4 14.Bxc6 Qxc6 15.Nxd4 Qe4
16.Qf3 Bc4 17.Qxe4 Nxe4 18.Re1 c5 19.f3 cxd4 20.fxe4 d3 21.Bd2 Re8 22.Rf1 Rxe4
23.Rf4 Bd5 24.Rc1 Rae8 25.Rxe4 Bxe4 26.Kf2 h5 27.h4 Re6 28.Rc4 Kh7 29.Bc3 Kg6
30.Rc5 f6 31.Rc7 Rd6 32.Bd2 Rc6 33.Rxc6 bxc6 34.Bc3 Kf5 35.g3 Kg4 36.b4 Bf3
37.a4 a6 38.Bd2 g5 39.Bc3 Bd1 40.Bxf6 d2 41.Bc3 Bxa4 42.Bxd2 gxh4 43.gxh4 Kxh4
44.Kf3 Kg5 45.e4+ Kf6 46.Be1 Ke6 47.Ke3 Kd6 48.Bg3+ Ke6 49.Kf4 Bd1 50.Ke3 Kd7
51.Kd4 Bf3 52.Ke5 Kc7 53.Bf2 Bg4 54.Kf4 Kd6 55.Bc5+ Ke6 56.Bf2 Be2 57.Be1 Bg4
58.Bf2 Kf6 59.Bh4+ Ke6 60.Bf2 Kd7 61.Ke5 Be2 62.Kf4 Bc4 63.Kf5 Be6+ 64.Kg5 Bg4
65.Kf6 Bf3 66.Kf5 Kc7 67.Kf4 Bg2 68.Bc5 Kb7 69.Kf5 Bh3+ 70.Kg5 Bg4 71.Kf4 Bd7  1/2-1/2

[Event "Thessaloniki ol (Men)"]
[Site "Thessaloniki"]
[Date "1988.??.??"]
[Round "12"]
[White "Christiansen, Larry Mark"]
[Black "Piket, Jeroen"]
[Result "1/2-1/2"]
[WhiteElo "2550"]
[BlackElo "2495"]

1.d4 Nf6 2.c4 c6 3.Nf3 d5 4.e3 e6 5.Bd3 Nbd7 6.O-O Bd6 7.Nc3 O-O 8.e4 dxc4
9.Bxc4 e5 10.Bg5 h6 11.Bh4 Qe7 12.Re1 Re8 13.a3 exd4 14.Nxd4 Ne5 15.Ba2 Ng6
16.Bg3 Bxg3 17.hxg3 Bg4 18.Nf5 Qe5 19.f4 Qc7 20.Qc2 Bxf5 21.exf5 Nf8 22.Ne4 N8d7
23.Nf2 Qb6 24.Qb3 Qxb3 25.Bxb3 Nc5 26.Bc2 Rxe1+ 27.Rxe1 Rd8 28.b4 Rd2 29.Bb1 Nb3
30.g4 Nd4 31.g5 Ne2+ 32.Kh2 Nxf4 33.gxf6 Rxf2 34.Re8+ Kh7 35.Be4 Nh5 36.fxg7 Kxg7
37.Rb8 Nf6 38.Bf3 Ra2 39.Rxb7 Rxa3 40.Rc7  1/2-1/2

[Event "Wellington"]
[Site "Wellington"]
[Date "1988.??.??"]
[Round "?"]
[White "Gufeld, Eduard"]
[Black "Christiansen, Larry Mark"]
[Result "1-0"]
[WhiteElo "2485"]
[BlackElo "2575"]

1.e4 e5 2.Nf3 Nc6 3.Bb5 a6 4.Ba4 Nf6 5.O-O Be7 6.Re1 b5 7.Bb3 d6 8.c3 O-O
9.h3 Nd7 10.d4 Bf6 11.Be3 Na5 12.Bc2 Nc4 13.Bc1 exd4 14.cxd4 c5 15.Nc3 Bb7
16.b3 cxd4 17.Nxd4 Qa5 18.bxc4 Qxc3 19.Be3 Qxc4 20.Bb3 Qc7 21.Rc1 Qb8 22.Nf5 Bxe4
23.Nxd6 Bg6 24.Bd5 Ne5 25.Ne4 Bxe4 26.Bxe4 Ra7 27.Bxa7 Qxa7 28.Qc2 g6 29.Qc7 Qd4
30.Rcd1 Qa4 31.Bd5 Qf4 32.Qc2 Kg7 33.Qe4 Qxe4 34.Bxe4 Nc4 35.Bb7 a5 36.Rd5 b4
37.Re4 Rb8 38.Rxc4 Rxb7 39.Rxa5 b3 40.axb3 Rxb3 41.g3 h5 42.Ra7 Bd8 43.Rd7 Rb8
44.Kg2 Bf6 45.Rcc7 Rf8 46.Kf3 Be5 47.Rb7 Bc3 48.Ke4 Be1 49.Ke3 Bc3 50.Kd3 Be1
51.Rb2 Rc8 52.Re7 Ba5 53.Rbb7 Rf8 54.Kc4 Kf6 55.Red7 Be1 56.Rb6+ Kg7 57.Rb2 Re8
58.Kd3 Ra8 59.Rc2 Ra6 60.Re7 Ba5 61.Ke2 Rf6 62.Kf1 Bb6 63.Kg2 Rf5 64.Rb7 Bd4
65.Rb4 Bf6 66.Rc7 Bd8 67.Rd7 Bf6 68.g4 hxg4 69.hxg4 Re5 70.Rbb7 g5 71.Rxf7+ Kg6
72.Kf3 Re6 73.Rfd7 Ra6  1-0

[Event "Wellington"]
[Site "Wellington"]
[Date "1988.??.??"]
[Round "?"]
[White "Chandler, Murray G"]
[Black "Christiansen, Larry Mark"]
[Result "1/2-1/2"]
[WhiteElo "2590"]
[BlackElo "2575"]

1.e4 e5 2.Nf3 Nc6 3.Bb5 Nf6 4.O-O Nxe4 5.d4 Nd6 6.Bxc6 dxc6 7.dxe5 Ne4 8.Qe2 Bf5
9.Rd1 Qc8 10.Nh4 Be7 11.Nxf5 Qxf5 12.Rd4 Nc5 13.Nc3 O-O 14.Rf4 Qe6 15.Rg4 Rad8
16.h3 Rfe8 17.Bf4 Qf5 18.Bg3 Ne6 19.Qe4 Qxe4 20.Rxe4 Rd2 21.Re2 Red8 22.Kf1 Bb4
23.f3 Bxc3 24.bxc3 g5 25.Ke1 R2d5 26.Rb1 b6 27.h4 h6 28.Rb4 Rd1+ 29.Kf2 R8d2
30.f4 Rxe2+ 31.Kxe2 Rc1 32.hxg5 Rxc2+ 33.Kf3 Rxc3+ 34.Kg4 h5+ 35.Kh4 Ng7
36.Be1 Re3 37.Rb1 Re4 38.g3 Kh7 39.Rd1 Kg6 40.Kh3 Re3 41.a4 Nf5 42.Bf2 Rf3
43.Rd2 Ng7 44.Kg2 Ra3 45.Rd8 Ne6 46.Rh8 Rxa4 47.Rh6+ Kg7 48.Kf3 Ra3+ 49.Ke4 Ra4+
50.Kf3 Ra3+  1/2-1/2

[Event "American op"]
[Site "?"]
[Date "1989.??.??"]
[Round "5"]
[White "Gurevich, Dmitry"]
[Black "Christiansen, Larry Mark"]
[Result "1/2-1/2"]
[WhiteElo "2480"]
[BlackElo "2530"]

1.d4 e6 2.c4 Bb4+ 3.Bd2 Qe7 4.Nf3 Bxd2+ 5.Qxd2 Nf6 6.Nc3 d5 7.e3 O-O 8.cxd5 exd5
9.Bd3 c6 10.O-O Nbd7 11.a3 Nb6 12.Rac1 Ne4 13.Qc2 Bf5 14.Ne5 f6 15.Nf3 Rae8
16.Nh4 Bd7 17.f3 f5 18.Nxf5 Bxf5 19.fxe4 dxe4 20.Be2 Qg5 21.Qd2 Bh3 22.Rxf8+ Rxf8
23.Bf1 Qg6 24.Nxe4 Qxe4 25.gxh3 Nd5 26.Re1 Qh4 27.Bg2 Qg5 28.Qe2 h5 29.Kh1 Re8
30.Bxd5+ Qxd5+ 31.Kg1 Re6 32.Qg2 Qb3 33.Qe2 Rg6+ 34.Kh1 Qd5+ 35.e4 Qxd4 36.Qxh5 Re6
37.Qg4 Qe5 38.h4 c5 39.b3 Rb6 40.Rd1 Rxb3 41.h5 Rb6 42.a4 c4 43.a5 Re6 44.Rd7 Rh6
45.Rxb7 c3 46.Qc8+ Kh7 47.Qf5+ Qxf5 48.exf5 Rc6 49.Rb1 Kh6 50.Kg2 Kg5 51.Kf3 Kxf5
52.Ke2 Kg4 53.Rb4+ Kxh5 54.Kd1 g5 55.Rb7 Ra6 56.Rb5 Rh6 57.Rb7 Kg4 58.Kc2 Ra6
59.Rb5 Rg6 60.Rb7 Kh3 61.Rh7+ Kg2 62.Kxc3 g4 63.Kb4 Rg5  1/2-1/2

[Event "American op"]
[Site "?"]
[Date "1989.??.??"]
[Round "8"]
[White "Fedorowicz, John P"]
[Black "Christiansen, Larry Mark"]
[Result "1/2-1/2"]
[WhiteElo "2505"]
[BlackElo "2530"]

1.d4 Nf6 2.c4 e6 3.Nc3 d5 4.Nf3 Be7 5.Bg5 O-O 6.e3 h6 7.Bh4 b6 8.Bd3 Bb7
9.Bxf6 Bxf6 10.cxd5 exd5 11.O-O Re8 12.Rc1 c6 13.Re1 Nd7 14.Bb1 Nf8 15.b4 Qd6
16.Qb3 g6 17.a4 Bg7 18.a5  1/2-1/2

[Event "FRG-CupT"]
[Site "Germany"]
[Date "1989.??.??"]
[Round "3.1"]
[White "Christiansen, Larry Mark"]
[Black "Huebner, Robert"]
[Result "0-1"]
[WhiteElo "2530"]
[BlackElo "2600"]

1.c4 e5 2.Nc3 Nf6 3.Nf3 Nc6 4.g3 d5 5.cxd5 Nxd5 6.Bg2 Nb6 7.O-O Be7 8.a3 Be6
9.b4 O-O 10.Rb1 a6 11.d3 Qc8 12.Be3 Nd5 13.Nxd5 Bxd5 14.Qc2 Qd7 15.Bc5 Rfe8
16.e4 Be6 17.a4 Bxc5 18.Qxc5 f6 19.b5 axb5 20.axb5 Na5 21.Qc3 Bg4 22.Rfc1 Rec8
23.Nd2 c5 24.bxc6 Rxc6 25.Qa3 Rca6 26.Nf1 Be6 27.Ne3 Nb3 28.Qb2 Ra2 29.Qc3 Nxc1
30.Rxc1 Rc8 31.Qe1 Qxd3 32.Rxc8+ Bxc8 33.Qc1 Be6 34.Qc5 Ra1+ 35.Bf1 Bh3  0-1

[Event "New York exh"]
[Site "New York"]
[Date "1989.??.??"]
[Round "1"]
[White "Christiansen, Larry Mark"]
[Black "Ivanov, Alexander"]
[Result "0-1"]
[WhiteElo "2530"]
[BlackElo "2470"]

1.e4 e5 2.Nf3 Nc6 3.Bb5 a6 4.Ba4 Nf6 5.O-O Be7 6.Bxc6 dxc6 7.Qe1 Nd7 8.d4 exd4
9.Nxd4 O-O 10.Nc3 Ne5 11.Nb3 f6 12.Bf4 Be6 13.Rd1 Qe8 14.Qe3 Nc4 15.Qc1 Nd6
16.Rfe1 Qf7 17.Nd4 Bd7 18.Bg3 Rfe8 19.h3 Bf8 20.Nf3 Qh5 21.Rd3 Rad8 22.Qd1 Bc8
23.e5 fxe5 24.Nxe5 Qxd1 25.Rexd1 Bf5 26.R3d2 Be7 27.b3 Bf6 28.f4 Nf7 29.Rxd8 Rxd8
30.Nxf7 Kxf7 31.Rxd8 Bxd8  0-1

[Event "New York exh"]
[Site "New York"]
[Date "1989.??.??"]
[Round "2"]
[White "Ivanov, Alexander"]
[Black "Christiansen, Larry Mark"]
[Result "1-0"]
[WhiteElo "2470"]
[BlackElo "2530"]

1.e4 c5 2.Nf3 e6 3.Nc3 a6 4.g3 Nc6 5.Bg2 d6 6.d4 cxd4 7.Nxd4 Bd7 8.O-O Be7
9.Nxc6 Bxc6 10.a4 Nf6 11.a5 O-O 12.Be3 Nd7 13.Re1 Rc8 14.Na4 Qe8 15.Nb6 Nxb6
16.Bxb6 e5 17.c4 f5 18.exf5 Rxf5 19.Qd3 Qf7 20.Rac1 Kh8 21.Bd5 Qh5 22.Qe4 Qh3
23.Qg2 Qh6 24.h4 Rh5 25.Bxc6 bxc6 26.b4  1-0

[Event "World op"]
[Site "Philadelphia"]
[Date "1989.??.??"]
[Round "4"]
[White "Christiansen, Larry Mark"]
[Black "Southam, Todd"]
[Result "1-0"]
[WhiteElo "2530"]
[BlackElo "2280"]

1.c4 e6 2.Nc3 d5 3.d4 Be7 4.cxd5 exd5 5.Bf4 Nf6 6.e3 O-O 7.Bd3 b6 8.Rc1 c5
9.Nf3 Bb7 10.Ne5 Na6 11.O-O Nc7 12.Bf5 Re8 13.Bg3 g6 14.Bh3 Nh5 15.Bd7 Rf8
16.Bc6 Nxg3 17.hxg3 Rb8 18.Qa4 Ba6 19.Rfd1 Qd6 20.Nxd5 Nxd5 21.Bxd5 Qxd5
22.Qxa6 cxd4 23.Nc6 Rbe8 24.Rc4 Qe6 25.b4 Bf6 26.Rdc1 Kg7 27.a4 Qd5 28.Qxa7 Ra8
29.Qxb6 Rxa4 30.Qc5 Qd7 31.b5 Ra2 32.Nxd4 Rb8 33.b6 Rb2 34.Qc7 Qe8 35.Ne6+ Qxe6
36.Qxb8 Rxb6 37.Qf4 Qd5 38.Qe4 Qd2 39.R4c2 Qa5 40.Rc7 Kf8 41.Rc8+ Kg7 42.Qe8 g5
43.Qg8+ Kh6 44.Qxf7  1-0

[Event "World op"]
[Site "Philadelphia"]
[Date "1989.??.??"]
[Round "5"]
[White "Christiansen, Larry Mark"]
[Black "Mortazavi, Ali"]
[Result "1-0"]
[WhiteElo "2530"]
[BlackElo "2325"]

1.c4 Nf6 2.Nc3 d6 3.d4 g6 4.e4 Bg7 5.f3 O-O 6.Be3 Nbd7 7.Qd2 c5 8.Nge2 a6
9.Rd1 b5 10.dxc5 dxc5 11.e5 Ne8 12.f4 b4 13.Ne4 Qa5 14.a3 Nc7 15.N2g3 Ne6
16.Bd3 f6 17.exf6 Nxf6 18.Nxf6+ Bxf6 19.O-O Bb7 20.f5 gxf5 21.Bxf5 Ng7 22.Bb1 Rf7
23.Qc2 Ne6 24.Rd7 Bc6 25.Rxf6 b3 26.Qe2 exf6 27.Bd2 Qb6 28.Qxe6  1-0

[Event "World op act"]
[Site "Philadelphia"]
[Date "1989.??.??"]
[Round "6"]
[White "Alburt, Lev O"]
[Black "Christiansen, Larry Mark"]
[Result "0-1"]
[WhiteElo "2520"]
[BlackElo "2530"]

1.d4 d6 2.Nf3 Bg4 3.e4 Nf6 4.h3 Bxf3 5.Qxf3 c6 6.c3 Nbd7 7.Bc4 e5 8.O-O Be7
9.Qg3 O-O 10.Bh6 Nh5 11.Qf3 Bg5 12.Qxh5 Bxh6 13.dxe5 Nxe5 14.Be2 Qb6 15.b3 Rae8
16.g3 Nd7 17.Bd3 Nc5 18.Qf3 Nxd3 19.Qxd3 Qc5 20.b4 Qh5 21.Kg2 Qg6 22.f4 Qxe4+
23.Qxe4 Rxe4 24.Nd2 Re6 25.Rae1 Rfe8 26.Rxe6 Rxe6 27.Kf3 g6 28.Rd1 Bg7 29.c4 f5
30.g4 Kf7 31.Nf1 Bc3 32.Ne3 Kf6 33.a3 a5 34.Rb1 axb4 35.axb4 Bd2 36.Nf1 Bc3
37.Ne3 Bd4 38.Nc2 Re4 39.Rd1 c5 40.Rd3 g5 41.fxg5+ Kxg5 42.bxc5 Bxc5 43.gxf5 Rf4+
44.Kg3 Rxc4 45.Ne1 Kxf5 46.Nf3 b5 47.Rd5+ Kg6 48.Rg5+ Kf6 49.Rg8 Be3 50.Re8 Bf4+
51.Kg4 Be5+  0-1

[Event "World op"]
[Site "Philadelphia"]
[Date "1989.??.??"]
[Round "6"]
[White "Gurevich, Dmitry"]
[Black "Christiansen, Larry Mark"]
[Result "1/2-1/2"]
[WhiteElo "2480"]
[BlackElo "2530"]

1.d4 Nf6 2.c4 e6 3.g3 Bb4+ 4.Nd2 c5 5.dxc5 Nc6 6.Bg2 O-O 7.Nf3 Bxc5 8.Nb3 Be7
9.O-O b6 10.Bf4 Ba6 11.Rc1 Rc8 12.Bd6 Bxd6 13.Qxd6 Ne7 14.Nfd2 Rc7 15.e4 Ng6
16.Rc3 Rc6 17.Qa3 Qc8 18.Rfc1 e5 19.Na1 Bb7 20.Nc2 Qb8 21.Ne3 d6 22.b4 Ne7
23.Nd1 Rc7 24.Rd3 Rd8 25.f3 a6 26.Nb2 Ne8 27.c5 Nc8 28.Nbc4 a5  1/2-1/2

[Event "World op"]
[Site "Philadelphia"]
[Date "1989.??.??"]
[Round "9"]
[White "Psakhis, Lev"]
[Black "Christiansen, Larry Mark"]
[Result "1/2-1/2"]
[WhiteElo "2585"]
[BlackElo "2530"]

1.e4 c5 2.Nf3 e6 3.d4 cxd4 4.Nxd4 Nf6 5.Nc3 Nc6 6.a3 d6 7.Be3 Be7 8.Be2 O-O
9.O-O Nxd4 10.Bxd4 b6 11.f4 Bb7 12.Qd3 Rc8 13.Qg3 g6 14.Qd3 Qc7 15.Kh1 Rfd8
16.Qf3 d5 17.e5 Ne4 18.Qe3 Bc5 19.Nb5 Qd7 20.b4 Ba6 21.bxc5 bxc5 22.Bxc5 Rxc5
23.c4 dxc4 24.Nd6 Nxd6 25.Qxc5 Ne4 26.Qe3 Qd4 27.Qxd4 Rxd4 28.Rac1 Nc5 29.Rc2 h5
30.Kg1 h4 31.g3 hxg3 32.hxg3 Kg7 33.Kf2 g5 34.Rd1 Re4 35.Bf3 Nd3+ 36.Rxd3 cxd3
37.Bxe4 dxc2 38.Bxc2 gxf4 39.gxf4 f6 40.Ke3 fxe5 41.fxe5 Kf7 42.Kd4 Ke7 43.Kc5 Kd7
44.Ba4+ Kc7  1/2-1/2

[Event "FRG-CupT"]
[Site "Germany"]
[Date "1990.??.??"]
[Round "?"]
[White "Gutman, Lev"]
[Black "Christiansen, Larry Mark"]
[Result "1-0"]
[WhiteElo "2475"]
[BlackElo "2560"]

1.Nf3 c5 2.g3 Nc6 3.d4 cxd4 4.Nxd4 g6 5.Bg2 Bg7 6.Nxc6 bxc6 7.O-O Nf6 8.Nd2 O-O
9.Nb3 Ba6 10.Bd2 Bc4 11.Bc3 a5 12.Qd2 a4 13.Nc5 d6 14.Nd3 Qb6 15.b3 Bd5 16.Bxf6 Bxf6
17.Rae1 axb3 18.axb3 Bxg2 19.Kxg2 Ra2 20.Nc1 Ra1 21.e4 Rfa8 22.Nd3 Rxe1 23.Rxe1 Qd4
24.Re2 c5 25.Qf4 Ra1 26.e5 dxe5 27.Qxd4 cxd4 28.Nxe5 e6 29.Nd3 Kf8 30.Kf3 Ke7
31.Ke4 Bg7 32.f4 f5+ 33.Kf3 Kd6 34.Re1 Ra8 35.Ke2 g5 36.Nb2 gxf4 37.gxf4 Bh6
38.Kf3 Ke7 39.Nd3 Rc8 40.Re2 Kd6 41.Nb2 Bg7 42.Nc4+ Ke7 43.Rg2 Bh6 44.Rd2 Bg7
45.Ke2 Rg8 46.Rd1 Rd8 47.Kd3 Bh6 48.Rf1 Kf6 49.Rf3 Rd7 50.Rf1 Rd8 51.Rf2 Bf8
52.Ne5 Bc5 53.Re2 Bf8 54.b4 Be7 55.Kc4 Bd6 56.b5 Bc7 57.Kc5 d3 58.cxd3 Rc8
59.Kb4 Rg8 60.b6 Bd6+ 61.Kb5 Rg1 62.Kc6 Ke7 63.Rc2 Rf1 64.Rc4 h5 65.Rd4 Bb8
66.Rd7+ Ke8 67.Rb7  1-0

[Event "USA-ch m"]
[Site "Jacksonville"]
[Date "1990.??.??"]
[Round "1"]
[White "Christiansen, Larry Mark"]
[Black "Browne, Walter S"]
[Result "1-0"]
[WhiteElo "2595"]
[BlackElo "2510"]

1.d4 Nf6 2.c4 e6 3.Nc3 Bb4 4.e3 c5 5.Ne2 cxd4 6.exd4 d5 7.c5 e5 8.a3 Bxc3+
9.Nxc3 exd4 10.Qxd4 O-O 11.Bb5 Bd7 12.O-O Bxb5 13.Nxb5 Nc6 14.Qd3 Ne4 15.Be3 Ne5
16.Qd4 Nc6 17.Qd1 Re8 18.Rc1 a6 19.Nd4 Qf6 20.Nxc6 bxc6 21.Bd4 Qg6 22.h4 Qh6
23.Qg4 Nd2 24.Rfe1 Nb3 25.Rcd1 Qg6 26.Qd7 Red8 27.Qe7 h5 28.Qe3 Nxd4 29.Rxd4 Rdb8
30.b4 a5 31.Qe5 axb4 32.axb4 Rb7 33.Re3 Qb1+ 34.Re1 Qg6 35.Rf4 Rab8 36.Rf5 Rxb4
37.Rg5 Qh6 38.Rxh5 Qe6 39.Qxe6 fxe6 40.Rxe6 Rb1+ 41.Kh2 Rc8 42.Rg5 Rc7 43.Rgg6 Rc1
44.Rxc6 Rxc5 45.Rcd6 Rc2 46.f3 Rd2 47.h5 Kf7 48.Kh3 d4 49.g3 d3 50.Rg5 Ke7
51.Rd4 Ke6 52.Rgd5 Rc3 53.f4 Rd1 54.Kg4 Kf7 55.Rd8 Ra3 56.Kg5 Rg1 57.R4d7+ Ke6
58.f5+  1-0

[Event "FRG Cup"]
[Site "Koln"]
[Date "1990.??.??"]
[Round "?"]
[White "Kortschnoj, Viktor"]
[Black "Christiansen, Larry Mark"]
[Result "0-1"]
[WhiteElo "2625"]
[BlackElo "2560"]

1.Nf3 c5 2.c4 g6 3.d4 Bg7 4.Nc3 cxd4 5.Nxd4 Nc6 6.e3 Nf6 7.Nc2 O-O 8.Be2 d6
9.O-O Be6 10.e4 Rc8 11.Rb1 a6 12.b3 b5 13.cxb5 axb5 14.Nxb5 Nxe4 15.Bb2 Bxb2
16.Rxb2 Ne5 17.Ncd4 Bd7 18.a4 Qb6 19.Rc2 d5 20.Qa1 Rxc2 21.Nxc2 Bxb5 22.Bxb5 Ng4
23.Qd4 Qc7 24.g3 Qxc2 25.Qd1 Qxd1 26.Rxd1 Nc3 27.Rd4 Ne5 28.Kg2 Rb8 29.f4 Ng4  0-1

[Event "New York op"]
[Site "New York"]
[Date "1990.??.??"]
[Round "1"]
[White "Christiansen, Larry Mark"]
[Black "Andrianov, Nikolai"]
[Result "1-0"]
[WhiteElo "2560"]
[BlackElo "2455"]

1.d4 Nf6 2.c4 c5 3.d5 b5 4.cxb5 a6 5.Nc3 Qa5 6.b6 Bb7 7.Bd2 Qxb6 8.e4 e6
9.dxe6 Qxe6 10.f3 d5 11.Qb3 Qe7 12.O-O-O dxe4 13.Bg5 h6 14.Bxf6 gxf6 15.Bc4 Bc6
16.Nd5 Qe5 17.f4 Qd6 18.Ne3 Qc7 19.Bxf7+ Qxf7 20.Rd8+ Ke7 21.Nf5+ Kxd8 22.Qxf7 Nd7
23.Ne2 Kc7 24.Rd1 Rd8 25.Nc3 h5 26.Nd5+ Bxd5 27.Rxd5 c4 28.Nd4  1-0

[Event "New York op"]
[Site "New York"]
[Date "1990.??.??"]
[Round "7"]
[White "Hellers, Ferdinand"]
[Black "Christiansen, Larry Mark"]
[Result "1-0"]
[WhiteElo "2525"]
[BlackElo "2560"]

1.e4 c5 2.Nf3 Nc6 3.d4 cxd4 4.Nxd4 Nf6 5.Nc3 d6 6.Bg5 e6 7.Qd2 a6 8.O-O-O h6
9.Be3 Nxd4 10.Bxd4 b5 11.f4 Bb7 12.Bd3 Be7 13.Qe2 Qa5 14.Kb1 b4 15.e5 dxe5
16.fxe5 Nd7 17.Ne4 Nxe5 18.Qh5 Bd5 19.Qxe5 Qxa2+ 20.Kc1 Bxe4 21.Qxe4 Bg5+
22.Be3 Bxe3+ 23.Qxe3 Qa1+ 24.Kd2 Qxb2 25.Qc5 Rd8 26.Rb1 Qd4 27.Qxd4 Rxd4
28.Ke3 e5 29.Ra1 O-O 30.Rxa6 Rg4 31.g3 g6 32.Rb1 Rc8 33.Rb6 e4 34.R6xb4  1-0

[Event "New York op"]
[Site "New York"]
[Date "1990.??.??"]
[Round "9"]
[White "Brooks, Michael A"]
[Black "Christiansen, Larry Mark"]
[Result "1-0"]
[WhiteElo "2460"]
[BlackElo "2560"]

1.e4 g6 2.d4 Bg7 3.Nc3 c6 4.Nf3 d6 5.Be2 Nf6 6.O-O O-O 7.Bf4 Nbd7 8.Qd2 Qa5
9.Nd5 Qd8 10.Nc3 Nb6 11.h3 d5 12.Bd3 dxe4 13.Nxe4 Nxe4 14.Bxe4 Nc4 15.Qb4 Nd6
16.Bd3 Qb6 17.a3 Be6 18.Rfe1 Rfe8 19.Ne5 Rad8 20.c3 Qc7 21.a4 Qc8 22.Qc5 a6
23.a5 Bf5 24.Rad1 Bxd3 25.Nxd3 h5 26.Rd2 Nf5 27.Nb4 e6 28.Qc4 Rd7 29.Nd3 Rd5
30.b4 Kh7 31.Nc5 Red8 32.Rde2 Bf8 33.Ne4 Be7 34.Be5 Rg8 35.Nf6+ Bxf6 36.Bxf6 g5
37.g4 hxg4 38.hxg4 Nh4 39.Qd3+ Rg6 40.f4 e5 41.Qh3 exf4 42.Re8 Qxe8 43.Rxe8 Rxf6
44.Qd3+ Kg7 45.Qe4 Ng6 46.c4 Rd7 47.d5 f3 48.Qd4 cxd5 49.c5 Nf4 50.Kf1 Ne6
51.Rg8+ Kxg8 52.Qxf6 d4 53.Qxf3 d3 54.Ke1 d2+ 55.Kd1 Nd4 56.Qe3 Rd5 57.Qe8+ Kg7
58.Kxd2 Nc6+ 59.Kc3 Rd4 60.b5 axb5 61.a6 Rc4+ 62.Kb2 Rb4+ 63.Kc1 Rc4+ 64.Kb1 Rxc5
65.axb7 b4 66.Qd7 Rc3 67.Qf5 Kf8 68.Qb5 Kg7 69.Qxg5+ Kh7 70.Qf6 Kg8 71.g5 Rc5
72.g6 fxg6  1-0

[Event "Novi Sad ol (Men)"]
[Site "Novi Sad"]
[Date "1990.??.??"]
[Round "4"]
[White "Vasquez, Rodrigo"]
[Black "Christiansen, Larry Mark"]
[Result "0-1"]
[WhiteElo "2415"]
[BlackElo "2595"]

1.e4 c5 2.Nf3 Nc6 3.d4 cxd4 4.Nxd4 Nf6 5.Nc3 d6 6.f4 Qb6 7.Nf3 g6 8.Nd5 Nxd5
9.exd5 Nb4 10.c3 Na6 11.Qd4 Qxd4 12.Nxd4 Bg7 13.Nb5 O-O 14.Be3 Nc5 15.O-O-O Bd7
16.Be2 Rfc8 17.Nd4 Na4 18.Rhe1 h5 19.Kb1 a6 20.h3 h4 21.Bf2 Rc5 22.Bg4 Bxg4
23.hxg4 Rac8 24.Bxh4 Rxc3 25.bxc3 Nxc3+ 26.Kb2 Nxd5 27.Bf2 Rc4 28.f5 Rb4+
29.Kc2 Ra4 30.Rd2 Rxa2+ 31.Kd1 Nc3+ 32.Kc1 Bh6 33.Be3 Ra1+ 34.Kb2 Rxe1 35.Bxh6 Ne4
36.Rc2 Nc5 37.Ne2 b5 38.Bg5 f6 39.Bh4 Na4+ 40.Ka2 Rxe2  0-1

[Event "Novi Sad ol (Men)"]
[Site "Novi Sad"]
[Date "1990.??.??"]
[Round "8"]
[White "Christiansen, Larry Mark"]
[Black "Adams, Michael"]
[Result "1/2-1/2"]
[WhiteElo "2595"]
[BlackElo "2590"]

1.d4 e6 2.c4 Bb4+ 3.Bd2 a5 4.Nf3 d6 5.Nc3 Nf6 6.Bg5 Nbd7 7.e3 e5 8.Be2 O-O
9.O-O Bxc3 10.bxc3 b6 11.Nd2 h6 12.Bh4 Bb7 13.Qc2 Re8 14.Rae1 Qe7 15.Bd1 Qf8
16.Qf5 Re6 17.Ba4 c6 18.Qb1 Rb8 19.Bc2 Ba6 20.Bf5 Ree8 21.Qc2 b5 22.cxb5 cxb5
23.Rb1 Rb6 24.Rfd1 b4 25.cxb4 axb4 26.dxe5 dxe5 27.Nb3 Bb5 28.Rbc1 Rbb8 29.Qd2 Nb6
30.Bxf6 gxf6 31.f3 Na4 32.Qf2 Nc3 33.Re1 Ra8 34.Rc2 Red8 35.f4 Qg7 36.Nc5 Re8
37.Bd7 Bxd7 38.Nxd7 Red8 39.Nc5 e4 40.Nb3 Rd3 41.Nc1 f5 42.Rd2 Rxd2 43.Qxd2 Qf6
44.Rf1 Rd8 45.Qf2 Qa6 46.h3 Kh7 47.Re1 Rd5 48.Kh2 Qa3 49.Qc2 Kg7 50.Rg1 Qa7
51.Re1 Rd6 52.Qb2 Qa3 53.Qc2 Kh7 54.Rg1 Qa7  1/2-1/2

[Event "Novi Sad ol (Men)"]
[Site "Novi Sad"]
[Date "1990.??.??"]
[Round "9"]
[White "Kozul, Zdenko"]
[Black "Christiansen, Larry Mark"]
[Result "1-0"]
[WhiteElo "2560"]
[BlackElo "2595"]

1.d4 Nf6 2.Nf3 e6 3.c4 Bb4+ 4.Nbd2 c5 5.a3 Bxd2+ 6.Qxd2 cxd4 7.b4 O-O 8.Bb2 d5
9.cxd5 Qxd5 10.Qxd4 Qxd4 11.Nxd4 Bd7 12.e3 Rc8 13.Bd3 Nc6 14.Nb3 Ne7 15.Ke2 Bb5
16.Bxf6 Bxd3+ 17.Kxd3 gxf6 18.Rac1 Rd8+ 19.Ke2 Nd5 20.Rc4 f5 21.Rhc1 Kg7
22.g4 fxg4 23.Rxg4+ Kf6 24.Nc5 b6 25.Ne4+ Ke7 26.Rh4 Rac8 27.Rxc8 Rxc8 28.Kf3 Rc4
29.Rh6 a5 30.bxa5 bxa5 31.Ng5 Nf6 32.Nxh7 Ne4 33.Rh5 Ra4 34.Rb5 Nd6 35.Rc5 Rh4
36.Ng5 a4 37.e4 Rxh2 38.e5 Ne8 39.Ra5 Nc7 40.Ra7 Kd7 41.Rxa4 Rh1 42.Nxf7 Re1
43.Ra7 Rc1 44.Kg4 Kc6 45.f4 Rg1+ 46.Kh5 Kb6 47.Ra4 Kb5 48.Rb4+ Kc5 49.Ng5 Rg2
50.Ra4 Kb5 51.Rd4 Rh2+ 52.Kg6 Rh4 53.Rd7 Kc6 54.Rd4 Nb5 55.Ra4 Nc7 56.Kf7 Kd5
57.Ke7 Nb5 58.Ra5 Kc6 59.Nxe6 Rh7+ 60.Kf8 Rh4 61.a4  1-0

[Event "World op"]
[Site "Philadelphia"]
[Date "1990.??.??"]
[Round "5"]
[White "Christiansen, Larry Mark"]
[Black "Zaltsman, Vitaly F"]
[Result "1/2-1/2"]
[WhiteElo "2560"]
[BlackElo "2435"]

1.d4 d5 2.c4 dxc4 3.e3 Nf6 4.Bxc4 e6 5.Nf3 c5 6.Qe2 a6 7.dxc5 Bxc5 8.O-O Qc7
9.Nbd2 Nc6 10.b3 b5 11.Bd3 Nb4 12.Bb1 Bb7 13.Bb2 Nbd5 14.Rc1 Qe7 15.Ne4 Ba3
16.Bd3 Bxb2 17.Qxb2 Nb4 18.Nxf6+ Qxf6 19.Qxf6 gxf6 20.Ne1 O-O 21.a3 Nd5 22.Be4 Rfc8
23.Nd3 a5 24.Nc5 Bc6 25.h4 f5 26.Bf3 b4 27.Kh2 bxa3 28.Rxa3 Nb4 29.Raa1 Kf8
30.Bxc6 Rxc6 31.Rc4 Ra7 32.Nxe6+ fxe6 33.Rxb4 Rc2 34.Rf4 Kg7 35.g4 Rc5 36.gxf5 exf5
37.Rg1+ Kf6 38.e4 h6 39.Rg3 Re5 40.Rgf3 Ke7 41.exf5 Kf6 42.Rc4 Ra6 43.Rc8 Rb6
44.h5 Reb5 45.Rf8+ Kg7 46.Ra8 Rxb3 47.f6+ Kf7 48.Rxb3 Rxb3 49.Rxa5 Kxf6 50.Kg2 Rd3
51.f3 Rb3 52.Kg3 Rc3 53.Rd5 Kf7 54.Kf2 Ra3 55.Kg3 Ra4 56.f4 Ra1 57.Rd8 Rg1+
58.Kf2 Rh1 59.Rd5 Rh3 60.Re5 Ra3  1/2-1/2

[Event "World op"]
[Site "Philadelphia"]
[Date "1990.??.??"]
[Round "8"]
[White "Zaichik, Gennadi"]
[Black "Christiansen, Larry Mark"]
[Result "0-1"]
[WhiteElo "2460"]
[BlackElo "2560"]

1.e4 c5 2.Nf3 d6 3.d4 cxd4 4.Nxd4 Nf6 5.Nc3 Nc6 6.Bc4 e6 7.Bb3 Be7 8.f4 Qa5
9.O-O d5 10.Nxc6 bxc6 11.exd5 cxd5 12.Kh1 O-O 13.Be3 Bc5 14.Bd4 Bxd4 15.Qxd4 Rb8
16.a3 Ba6 17.Rf3 Qb6 18.Qe5 Ng4 19.Qe1 Bb7 20.Qh4 Nh6 21.Rh3 d4 22.Ne2 Be4
23.Ng3 Bg6 24.Re1  0-1

[Event "World op"]
[Site "Philadelphia"]
[Date "1990.??.??"]
[Round "9"]
[White "Christiansen, Larry Mark"]
[Black "Lein, Anatoly"]
[Result "1-0"]
[WhiteElo "2560"]
[BlackElo "2485"]

1.c4 Nf6 2.Nc3 e6 3.e4 d5 4.e5 d4 5.exf6 dxc3 6.bxc3 Qxf6 7.d4 e5 8.Nf3 exd4
9.Bg5 Qe6+ 10.Be2 Be7 11.cxd4 Bxg5 12.Nxg5 Qe7 13.Qd2 Nd7 14.O-O Nf6 15.Rfe1 O-O
16.Bd3 Qd6 17.c5 Qd8 18.Rab1 b6 19.Qf4 Bb7 20.Re3 h6 21.Rg3 hxg5 22.Qxg5 Ne8
23.Qh6 f5 24.c6 Bxc6 25.Qxc6 Rf6 26.Qc4+ Kh7 27.Rh3+ Kg6 28.Qg8  1-0

[Event "USA op"]
[Site "USA"]
[Date "1990.??.??"]
[Round "?"]
[White "Christiansen, Larry Mark"]
[Black "McCambridge, Vincent"]
[Result "0-1"]
[WhiteElo "2560"]
[BlackElo "2480"]

1.c4 c5 2.Nf3 Nf6 3.Nc3 Nc6 4.d4 cxd4 5.Nxd4 e6 6.g3 Bc5 7.Nb3 Bb4 8.Bg2 O-O
9.O-O b6 10.Bf4 Bb7 11.Rc1 Be7 12.e4 d6 13.Qe2 Ne5 14.Rfd1 Qb8 15.h3 Rc8
16.Nd2 a6 17.Be3 Bc6 18.f4 Ned7 19.Bf2 Ra7 20.g4 Nf8 21.g5 N6d7 22.Nf3 Rac7
23.h4 Ba8 24.b3 b5 25.Rb1 bxc4 26.b4 Rb7 27.a3 Qc7 28.h5 Rbb8 29.Nd4 Re8
30.Qg4 e5 31.Nf5 exf4 32.Bd4 Ne5 33.Qxf4 Ne6 34.Qg3 Bxg5 35.Nxd6 Nxd4 36.Rxd4 Bf6
37.Nxe8 Nf3+ 38.Qxf3 Bxd4+ 39.Kh1 Rxe8 40.h6 Re6  0-1